000 00982 a2200277 4500
003 OSt
005 20180116192329.0
008 120516t xxu||||| |||| 00| 0 eng d
010 _a 87014031
020 _a0070191115
020 _a9788131510001
040 _c0
082 0 0 _a729.29
100 1 _aEgan, M. David.
_91496
245 1 0 _aArchitectural acoustics /
_cM. David Egan.
260 _aNew York :
_bMcGraw-Hill,
_cc1988.
300 _axx, 411 p. :
_bill. ;
_c29 cm.
500 _aIncludes index (P403-P411)
650 0 _aAcoustical engineering.
_91497
650 0 _aArchitectural acoustics.
_91498
856 4 2 _3Publisher description
_uhttp://www.loc.gov/catdir/description/mh022/87014031.html
856 4 2 _3Table of contents
_uhttp://www.loc.gov/catdir/toc/mh021/87014031.html
942 _aSADA
_cBK
_k729.29 EGA 1988
_2ddc
999 _c352296
_d352296